<?xml version="1.0" encoding="UTF-8"?><?xml-stylesheet type="text/xsl" href="static/style.xsl"?><OAI-PMH xmlns="http://www.openarchives.org/OAI/2.0/" xmlns:xsi="http://www.w3.org/2001/XMLSchema-instance" xsi:schemaLocation="http://www.openarchives.org/OAI/2.0/ http://www.openarchives.org/OAI/2.0/OAI-PMH.xsd"><responseDate>2026-04-18T02:09:49Z</responseDate><request verb="GetRecord" identifier="oai:www.recercat.cat:20.500.12327/1291" metadataPrefix="marc">https://recercat.cat/oai/request</request><GetRecord><record><header><identifier>oai:recercat.cat:20.500.12327/1291</identifier><datestamp>2025-10-22T11:29:14Z</datestamp><setSpec>com_2072_4428</setSpec><setSpec>com_2072_4427</setSpec><setSpec>col_2072_487898</setSpec></header><metadata><record xmlns="http://www.loc.gov/MARC21/slim" xmlns:dcterms="http://purl.org/dc/terms/" xmlns:xsi="http://www.w3.org/2001/XMLSchema-instance" xmlns:doc="http://www.lyncode.com/xoai" xsi:schemaLocation="http://www.loc.gov/MARC21/slim http://www.loc.gov/standards/marcxml/schema/MARC21slim.xsd">
   <leader>00925njm 22002777a 4500</leader>
   <datafield ind2=" " ind1=" " tag="042">
      <subfield code="a">dc</subfield>
   </datafield>
   <datafield ind2=" " ind1=" " tag="720">
      <subfield code="a">Ortiz-Solà, J.</subfield>
      <subfield code="e">author</subfield>
   </datafield>
   <datafield ind2=" " ind1=" " tag="720">
      <subfield code="a">Abadias, I.</subfield>
      <subfield code="e">author</subfield>
   </datafield>
   <datafield ind2=" " ind1=" " tag="720">
      <subfield code="a">Colàs-Medà, P.</subfield>
      <subfield code="e">author</subfield>
   </datafield>
   <datafield ind2=" " ind1=" " tag="720">
      <subfield code="a">Anguera, M.</subfield>
      <subfield code="e">author</subfield>
   </datafield>
   <datafield ind2=" " ind1=" " tag="720">
      <subfield code="a">Viñas, I.</subfield>
      <subfield code="e">author</subfield>
   </datafield>
   <datafield ind2=" " ind1=" " tag="260">
      <subfield code="c">2020-12-31</subfield>
   </datafield>
   <datafield ind2=" " ind1=" " tag="520">
      <subfield code="a">The efficacy of the water-assisted ultraviolet-C light (WUVC) strategy was evaluated as an alternative to chlorine sanitization and compared to ‘conventional’ dry technology (DUVC) for the inactivation of Salmonella enterica, Listeria monocytogenes and murine norovirus (MNV-1) on strawberries. Strawberries were washed in a laboratory scale prototype (LAB-UVC-Gama) consisting of a tank filled with water, equipped with 4 UV-C lamps emitting a dose of 0.6, 1.3, 3.2 and 6.3 kJ m−2. For DUVC, the same doses were used. Moreover, trials with the 4 lamps off with water, or with a chlorine solution (200 ppm, pH 6.5), were carried out as a control treatment. Reductions of artificially inoculated L. monocytogenes and S. enterica, and the infectivity of MNV-1 after WUVC treatments were comparable to those obtained with chlorine-wash, which were equivalent with all irradiation doses tested for all microorganisms studied (P &lt; 0.05). The implementation of the WUVC strategy improved the DUVC system after 2-min exposure (1.3 kJ m−2), by 1.2 and 1.6 log for S. enterica and L. monocytogenes, respectively. At 3.2 kJ m-2 dose (5 min), WUVC enhanced the inactivation of S. enterica compared with control washing treatment by 1.5 log. After 10 min, pathogenic bacteria were reduced by > 4 log by WUVC treatment and chlorine sanitization. For MNV-1 reductions, we reported > 1.4 log TCID50 with 95 % certainty with the different treatments and exposure times after decontamination procedures. For MNV-1, the increase in the irradiation dose (kJ m−2) applied did not affect their reduction on strawberries. Moreover, WUVC light was effective at significantly reducing the microorganisms in wash water, avoiding cross-contamination and thus, allowing water recirculation. The results obtained in the present study provide new tools to ensure the safety of strawberries intended to be processed, contributing to affording a more innovative and sustainable future for the food industry. However, industry operation studies are needed to conclude that the treatments tested in the present study are a good alternative to chlorine.</subfield>
   </datafield>
   <datafield ind1="8" ind2=" " tag="024">
      <subfield code="a">Ortiz-Solà, J., I. Abadias, P. Colàs-Medà, M. Anguera, and I. Viñas. 2021. "Inactivation Of Salmonella Enterica, Listeria Monocytogenes And Murine Norovirus (MNV-1) On Fresh Strawberries By Conventional And Water-Assisted Ultraviolet Light (UV-C)". Postharvest Biology And Technology 174: 111447. doi:10.1016/j.postharvbio.2020.111447.</subfield>
   </datafield>
   <datafield ind1="8" ind2=" " tag="024">
      <subfield code="a">0925-5214</subfield>
   </datafield>
   <datafield ind1="8" ind2=" " tag="024">
      <subfield code="a">http://hdl.handle.net/20.500.12327/1291</subfield>
   </datafield>
   <datafield ind1="8" ind2=" " tag="024">
      <subfield code="a">https://doi.org/10.1016/j.postharvbio.2020.111447</subfield>
   </datafield>
   <datafield ind2="0" ind1="0" tag="245">
      <subfield code="a">Inactivation of Salmonella enterica, Listeria monocytogenes and murine norovirus (MNV-1) on fresh strawberries by conventional and water-assisted ultraviolet light (UV-C)</subfield>
   </datafield>
</record></metadata></record></GetRecord></OAI-PMH>